| 000 | 00796cam a2200193 4500 | ||
|---|---|---|---|
| 001 | ABS60854 | ||
| 008 | 000000n1999 000 0 eng u | ||
| 035 | _a(Sirsi) u101365 | ||
| 100 | _aBrook, R. | ||
| 245 | _aElemental cost applications in facility management. | ||
| 260 | _c1999 | ||
| 490 |
_aConstruction Economist _v9(2) June 1999, 9-11(3) |
||
| 520 | _aReviews the role which elemental cost analysis can play in technical audits (TAs) and reserve fund studies (RFSs) for facilities management applications. Offers definitions of TAs and RFSs, and sets out a model of elemental cost analysis in an institutional environment. | ||
| 650 | _aELEMENTAL COST ANALYSIS | ||
| 650 |
_aFACILITIES MANAGEMENT _96240 |
||
| 650 | _aBUDGETING | ||
| 690 |
_aQuantity surveying _96263 |
||
| 942 | _n0 | ||
| 999 |
_c60509 _d60509 |
||